000 00490nam a2200169 i 4500
001 76501
003 ES-MaACL
005 20231228063205.0
007 t|
008 041001s1914 sp ||||1| cat d
100 1 _aGuimerá, Ángel,
_d1845-1924
_960844
245 1 0 _aTerra baixa
_b: drama en tres actes y en prosa /
_cAngel Guimerá.
250 _a5ª ed.
260 _aBarcelona :
_b[s.n.,
_c1914] (
_fLa Renaixensa)
852 _aES-MaACL
_j1649-F-23
999 _c76501
_d76501